000 00405 a2200109 4500
001 ART_38319
005 20260410161739.0
008 260409a
245 1 0 _aEncuadre sindical y convencional de los trabajadores del Colegio de Martilleros y Corredores de Comercio de la Provincia de La Pampa
100 1 _aSlavin, Luis P.
773 0 _tDoctrina laboral
_g- NÂș 352 (dic. 2014)
_wREV4049
999 _c18570
_d18570